| 000 | 00561cam a2200205ua 4500 | ||
|---|---|---|---|
| 005 | 20240530095734.0 | ||
| 008 | 170228n ii |||gr||||Z||||||mul | ||
| 020 | _a9788192178615 | ||
| 040 | _cMAIN | ||
| 041 | _dasm | ||
| 082 |
_a891.451 _bKIA |
||
| 245 |
_aKia mo lu po/ _cEdited by Ali Akbar Hussain |
||
| 250 | _a1st ed. | ||
| 260 |
_aGuwahati: _bAssam College Teachers Association, _c2016. |
||
| 300 | _a375p. | ||
| 650 | _aArticles on Assamese literature | ||
| 653 | _aMultilingual articles | ||
| 700 |
_aHussain, Ali Akbar _eEditor |
||
| 942 |
_cBK _2ddc |
||
| 999 |
_c8978 _d8978 |
||